000 00394nam a22001697a 4500
003 SGT
020 _a9789386150998
082 _a617.7
_bN17D
100 _aDADA, TANUJ
245 _aNEW INVESTIGATIONS IN OPHTHALMOLOGY
250 _a2ND
260 _aINDIA
_bJAYPEE PUB
_c2017
300 _a339
650 _aOPHTHALMOLOGY
653 _a INVESTIGATIONS IN OPHTHALMOLOGY
942 _2ddc
_cBK
999 _c33643
_d33643